[Event "FRA-chT3 Gr06 0607"]
[Site "France"]
[Date "2007.03.31"]
[Round "8.1"]
[White "Thos, Olivier"]
[Black "Le Goff, Damien"]
[Result "0-1"]
[WhiteElo "2120"]
[BlackElo "2279"]
[PlyCount "74"]
[EventDate "2006.10.15"]
[EventType "team"]
[EventRounds "9"]
[EventCountry "FRA"]
[SourceTitle "EXT 2008"]
[Source "ChessBase"]
[SourceDate "2007.11.25"]
[SourceVersion "1"]
[SourceVersionDate "2007.11.25"]
[SourceQuality "1"]
[WhiteTeam "Lesneven"]
[BlackTeam "Douarnenez"]
[WhiteTeamCountry "FRA"]
[BlackTeamCountry "FRA"]

1. d4 Nf6 2. c4 e6 3. Nc3 Bb4 4. e3 b6 5. Bd3 Bb7 6. Nf3 Ne4 7. Qc2 f5 8. 0-0 Bxc3 9. bxc3 0-0 10. Nd2 Qh4 11. Bxe4 fxe4 12. d5 exd5 13. cxd5 Bxd5 14. c4 Bc6 15. c5 Rf5 16. cxb6 axb6 17. Qc4+ Kh8 18. Bb2 Ra4 19. Qc3 Qe7 20. Nb3 b5 21. Rfd1 Qf7 22. Rd2 Na6 23. a3 Rc4 24. Qa5 Ra4 25. Qc3 Rc4 26. Qa5 Nc5 27. Nxc5 Rfxc5 28. Qxc7 h6 29. Qd6 Kh7 30. Rad1 Rg5 31. Rc1 Rxc1+ 32. Bxc1 Qf5 33. Bb2 Qh3 34. g3 Rh5 35. Qe7 Qxh2+ 36. Kf1 Qh1+ 37. Ke2 Qf3+ 0-1

[Event "FRA-chT3 Gr06 0607"]
[Site "France"]
[Date "2007.03.18"]
[Round "7.2"]
[White "Thos, Olivier"]
[Black "Stephan, Victor"]
[Result "0-1"]
[WhiteElo "2120"]
[BlackElo "2042"]
[PlyCount "52"]
[EventDate "2006.10.15"]
[EventType "team"]
[EventRounds "9"]
[EventCountry "FRA"]
[SourceTitle "EXT 2008"]
[Source "ChessBase"]
[SourceDate "2007.11.25"]
[SourceVersion "1"]
[SourceVersionDate "2007.11.25"]
[SourceQuality "1"]
[WhiteTeam "Lesneven"]
[BlackTeam "Arradon"]
[WhiteTeamCountry "FRA"]
[BlackTeamCountry "FRA"]

1. d4 Nf6 2. c4 g6 3. Nc3 Bg7 4. e4 d6 5. f4 0-0 6. Nf3 c5 7. d5 e6 8. Be2 exd5 9. cxd5 Re8 10. e5 dxe5 11. fxe5 Ng4 12. Bg5 Qb6 13. 0-0 Nxe5 14. d6 Be6 15. Nd5 Bxd5 16. Nxe5 Rxe5 17. Bf4 Qxd6 18. Bc4 Qe6 19. Bxe5 Bxc4 20. Qd8+ Bf8 21. Rfe1 Nc6 22. Qxa8 Nxe5 23. Qb8 Qd6 24. Qxb7 Nd3 25. Kh1 Nf2+ 26. Kg1 Ng4 0-1

[Event "FRA-chT3 Gr06 0607"]
[Site "France"]
[Date "2007.02.11"]
[Round "6.2"]
[White "Thos, Olivier"]
[Black "Quellec, Yannick"]
[Result "1-0"]
[WhiteElo "2120"]
[BlackElo "1960"]
[PlyCount "57"]
[EventDate "2006.10.15"]
[EventType "team"]
[EventRounds "9"]
[EventCountry "FRA"]
[SourceTitle "EXT 2008"]
[Source "ChessBase"]
[SourceDate "2007.11.25"]
[SourceVersion "1"]
[SourceVersionDate "2007.11.25"]
[SourceQuality "1"]
[WhiteTeam "Lesneven"]
[BlackTeam "St Hilaire Petitville"]
[WhiteTeamCountry "FRA"]
[BlackTeamCountry "FRA"]

1. d4 e6 2. c4 Nf6 3. Nc3 d5 4. cxd5 exd5 5. Bg5 c6 6. Qc2 Nbd7 7. e3 Be7 8. Bd3 0-0 9. Nge2 Re8 10. 0-0 Nf8 11. Rad1 g6 12. f3 Ne6 13. Bh4 Ng7 14. Bf2 Bf5 15. e4 dxe4 16. fxe4 Bg4 17. Kh1 Bxe2 18. Qxe2 Qa5 19. e5 Nd5 20. Be1 Qc7 21. Qf3 Rad8 22. Qxf7+ Kh8 23. Nxd5 Rxd5 24. Bh4 Rdd8 25. Bf6 Rg8 26. Bxe7 Rde8 27. Bg5 Qc8 28. Bf6 Rd8 29. Bxg7+ 1-0

[Event "FRA-chT3 Gr06 0607"]
[Site "France"]
[Date "2006.12.10"]
[Round "4.4"]
[White "Thos, Olivier"]
[Black "Busnel, Laurent"]
[Result "1-0"]
[WhiteElo "1960"]
[BlackElo "1959"]
[PlyCount "73"]
[EventDate "2006.10.15"]
[EventType "team"]
[EventRounds "9"]
[EventCountry "FRA"]
[SourceTitle "EXT 2008"]
[Source "ChessBase"]
[SourceDate "2007.11.25"]
[SourceVersion "1"]
[SourceVersionDate "2007.11.25"]
[SourceQuality "1"]
[WhiteTeam "Lesneven"]
[BlackTeam "Vitre"]
[WhiteTeamCountry "FRA"]
[BlackTeamCountry "FRA"]

1. d4 Nf6 2. c4 e6 3. Nc3 Bb4 4. e3 0-0 5. Bd3 d5 6. Nge2 c5 7. 0-0 Nc6 8. a3 dxc4 9. Bxc4 cxd4 10. exd4 Bd6 11. h3 a6 12. Bg5 b5 13. Bb3 Bb7 14. Qd3 Be7 15. Bc2 g6 16. Rad1 Nd5 17. Bh6 Re8 18. Ne4 Rc8 19. Bb1 b4 20. Rfe1 bxa3 21. bxa3 Qa5 22. Qf3 Qxa3 23. Rd3 Qa5 24. Bd2 Qd8 25. Qg3 a5 26. Ng5 Ba6 27. Rf3 Bxg5 28. Bxg5 Qb6 29. Qh4 f5 30. Nf4 Nxd4 31. Rg3 Nxf4 32. Bxf4 Ne2+ 33. Rxe2 Qxb1+ 34. Kh2 Bxe2 35. Rxg6+ hxg6 36. Be5 Re7 37. Qxe7 1-0

[Event "FRA-chT3 0405"]
[Site "France"]
[Date "2004.10.10"]
[Round "1.4"]
[White "Havelka, Georges"]
[Black "Thos, Olivier"]
[Result "1-0"]
[WhiteElo "1820"]
[BlackElo "1940"]
[PlyCount "115"]
[EventDate "2004.10.10"]
[EventType "team"]
[EventRounds "9"]
[EventCountry "FRA"]
[SourceTitle "EXT 2007"]
[Source "ChessBase"]
[SourceDate "2006.11.23"]
[SourceVersion "1"]
[SourceVersionDate "2006.11.23"]
[SourceQuality "1"]

1. d4 Nf6 2. Bf4 e6 3. e3 b6 4. Be2 Bb7 5. Bf3 Qc8 6. Nd2 Be7 7. Bxb7 Qxb7 8. Qf3 Qxf3 9. Ngxf3 d6 10. c3 Nbd7 11. h3 0-0 12. Bh2 c5 13. 0-0 Rfd8 14. Rad1 Nf8 15. Rfe1 Ng6 16. e4 d5 17. Ne5 Nxe5 18. Bxe5 Rac8 19. f3 Nd7 20. Nb3 c4 21. Nc1 Nxe5 22. dxe5 dxe4 23. fxe4 Bh4 24. Rf1 Bg3 25. Ne2 Bxe5 26. Kf2 Bd6 27. Ng1 Rd7 28. Ke2 Rcd8 29. Nf3 e5 30. Rd5 Bb8 31. Rxd7 Rxd7 32. Rd1 Rxd1 33. Kxd1 Kf8 34. a4 a6 35. Kc2 Ke7 36. Nd2 b5 37. b3 cxb3+ 38. Kxb3 bxa4+ 39. Kxa4 Bc7 40. Nc4 Ke6 41. g4 g6 42. Ne3 Bd8 43. c4 Kd6 44. Kb4 a5+ 45. Kb5 a4 46. c5+ Ke6 47. Kxa4 Bg5 48. Nc4 f5 49. gxf5+ gxf5 50. exf5+ Kxf5 51. c6 Bd8 52. Kb5 Kf4 53. Kc5 Bc7 54. Nb6 Kf3 55. Nd5 e4 56. Nxc7 e3 57. Ne6 e2 58. Nd4+ 1-0

[Event "FRA-chT4 0001"]
[Site "Bretagne"]
[Date "2001.02.04"]
[Round "5"]
[White "Thomas, Jeannine"]
[Black "Thos, Olivier"]
[Result "0-1"]
[WhiteElo "1430"]
[BlackElo "1970"]
[PlyCount "86"]
[EventDate "2000.10.??"]
[EventType "team"]
[EventRounds "7"]
[EventCountry "FRA"]
[SourceTitle "EXT 2005"]
[Source "ChessBase"]
[SourceDate "2004.11.15"]
[SourceVersion "1"]
[SourceVersionDate "2004.11.15"]
[SourceQuality "1"]

1. d4 Nf6 2. f3 e6 3. e4 Bb4+ 4. Nc3 0-0 5. Bg5 h6 6. Bh4 Be7 7. Bf2 d6 8. Bd3 c5 9. e5 dxe5 10. dxe5 Nd5 11. Nge2 Nc6 12. a3 Nxe5 13. Be4 Nf6 14. Ng3 Bd7 15. Qe2 Nc6 16. Rd1 Qb6 17. b4 Nd4 18. Qd3 e5 19. 0-0 Qc7 20. Nd5 Nxd5 21. Bxd5 Rad8 22. c4 Ba4 23. Rb1 Bc2 24. Qe3 Bxb1 25. Rxb1 b6 26. b5 Kh8 27. Nf1 f5 28. Qd3 Bg5 29. h4 Be7 30. Ne3 Bd6 31. Nf1 Rde8 32. a4 Be7 33. Re1 Rd8 34. g3 Rxd5 35. cxd5 Qd6 36. Qc4 Nxf3+ 37. Kg2 Nxe1+ 38. Bxe1 f4 39. g4 f3+ 40. Kh3 f2 41. Bd2 Rf3+ 42. Kg2 Qf6 43. g5 Qf5 0-1

[Event "FRA-chT4 0001"]
[Site "Bretagne"]
[Date "2000.10.15"]
[Round "1"]
[White "Le Loarer, Herve"]
[Black "Thos, Olivier"]
[Result "0-1"]
[WhiteElo "1940"]
[BlackElo "1690"]
[PlyCount "103"]
[EventDate "2000.10.??"]
[EventType "team"]
[EventRounds "7"]
[EventCountry "FRA"]
[SourceTitle "EXT 2005"]
[Source "ChessBase"]
[SourceDate "2004.11.15"]
[SourceVersion "1"]
[SourceVersionDate "2004.11.15"]
[SourceQuality "1"]

1. e4 d5 2. exd5 Nf6 3. d4 Nxd5 4. Nf3 Bg4 5. Be2 Nd7 6. c4 N5f6 7. Nc3 c6 8. 0-0 e6 9. Qb3 Qc7 10. Bg5 Be7 11. Rac1 h6 12. Bh4 Nb6 13. Bg3 Qd8 14. c5 Nbd5 15. Qxb7 0-0 16. Qxc6 Nb4 17. Qb5 a5 18. a3 Nbd5 19. Qc4 Nh5 20. b4 axb4 21. axb4 Nxg3 22. hxg3 Bf6 23. Nxd5 exd5 24. Qc3 Re8 25. Bd3 h5 26. Nh2 Be2 27. Rfe1 Ra2 28. Ra1 Qa8 29. Bxe2 Rexe2 30. Rxa2 Rxa2 31. b5 Ra4 32. Nf3 Rc4 33. Qd3 g6 34. Ne5 Bxe5 35. Rxe5 Qa1+ 36. Kh2 Rc1 37. g4 h4 38. g3 Rh1+ 39. Kg2 Rg1+ 40. Kf3 Rd1 41. Qe3 Kg7 42. Re7 Qxd4 43. Qxd4+ Rxd4 44. Re1 Rb4 45. b6 Rb5 46. Rc1 Kf8 47. c6 Rxb6 48. c7 Rf6+ 49. Ke2 Re6+ 50. Kf1 Re8 51. c8Q Rxc8 52. Rxc8+ 0-1